| 000 | 00802cab a2200253 4500 | ||
|---|---|---|---|
| 001 | ABS39091 | ||
| 008 | 090401t1988 xxu||||| |||| 00| 0 eng d | ||
| 035 | _a(Sirsi) u14370 | ||
| 041 | _aeng | ||
| 100 | _aCrewe, D. | ||
| 245 | _aCase for building new town hamlets | ||
| 260 | _c1988 | ||
| 350 | _a0 | ||
| 490 |
_aMunicipal Journal _v15 April 1988, 756-767(2) |
||
| 520 | _aConsiders the concept of building small new settlements as a means of handling some of the demand for new houses in the South East focusing on developments in Cambridgeshire , Hampshire and Oxfordshire . | ||
| 650 | _aFOXLEY WOOD | ||
| 650 | _aHOUSE BUILDING | ||
| 650 | _aNEW TOWNS | ||
| 650 | _aSTONE BASSETT | ||
| 650 | _aVILLAGES | ||
| 690 | _aPLANNING LAW AND PRACTICE | ||
| 942 | _n0 | ||
| 948 | _c04/03/1997 | ||
| 999 |
_c9353 _d9353 |
||